Text book of surveying (Record no. 9715)

000 -LEADER
fixed length control field 00462nam a2200193 4500
001 - CONTROL NUMBER
control field 9715
003 - CONTROL NUMBER IDENTIFIER
control field BD-DhUET
008 - FIXED-LENGTH DATA ELEMENTS--GENERAL INFORMATION
fixed length control field 150201b xxu||||| |||| 00| 0 eng d
040 ## - CATALOGING SOURCE
Original cataloging agency DLC
Transcribing agency DLC
Modifying agency BD-DhUET
082 ## - DEWEY DECIMAL CLASSIFICATION NUMBER
Classification number 526.9
Item number SHA/1982
100 ## - MAIN ENTRY--PERSONAL NAME
Personal name Shajahan, M.
245 ## - TITLE STATEMENT
Title Text book of surveying
250 ## - EDITION STATEMENT
Edition statement 1st ed.
260 ## - PUBLICATION, DISTRIBUTION, ETC. (IMPRINT)
Place of publication, distribution, etc. Dacca
Name of publisher, distributor, etc. Kazi Mahfuzur Rahman
Date of publication, distribution, etc. 1982
300 ## - PHYSICAL DESCRIPTION
Extent x, 367p.
Other physical details ill.
650 #0 - SUBJECT ADDED ENTRY--TOPICAL TERM
Topical term or geographic name as entry element Surveying
700 ## - ADDED ENTRY--PERSONAL NAME
Personal name Aziz, M. A.
942 ## - ADDED ENTRY ELEMENTS (KOHA)
Koha item type General Book
Holdings
Price effective from Date acquired Location (home branch) Not for loan Koha full call number Koha date last seen Lost status Shelving location Koha normalized classification for sorting Damaged status Piece designation (barcode) Koha out on loan Koha item type Koha date last borrowed Copy number Sublocation or collection (holding branch) Source of classification or shelving scheme Withdrawn status Koha issues (times borrowed)
2015-02-012015-02-01Central Library, BUET 526.9/SHA/19822025-12-02 Circulation section526_900000000000000_SHA_1982 56198  General Book2024-11-191Central Library, BUET  7
2015-03-242015-03-24Central Library, BUET 526.9/SHA/19822024-11-19 Circulation section526_900000000000000_SHA_1982 562002024-12-03General Book2024-11-192Central Library, BUET  8
2015-06-082015-06-08Central Library, BUET 526.9/SHA/19822015-06-08 Reading section526_900000000000000_SHA_1982 56191 Reading Item 3Central Library, BUET   
2015-06-082015-06-08Central Library, BUET 526.9/SHA/19822015-06-08 Reading section526_900000000000000_SHA_1982 56195 Reading Item 4Central Library, BUET   
2015-06-092015-06-09Central Library, BUET 526.9/SHA/19822015-06-09 Reading section526_900000000000000_SHA_1982 56192 Reading Item 5Central Library, BUET   
2015-06-132015-06-13Central Library, BUET 526.9/SHA/19822015-06-13 Reading section526_900000000000000_SHA_1982 56194 Reading Item 6Central Library, BUET